000 00694nam a22002055i 4500
001 154160
003 ES-MaACL
005 20250428063007.0
008 050908s1899 fr | |||||||| ||fre d
040 _aCAM
_bspa
_cCAM
100 1 _aFrance, Anatole,
_d1844-1924
_9240108
245 1 3 _aLa rôtisserie de la reine pédauque /
_cpar Anatole France.
250 _a30e éd.
260 _aParis :
_bCalmann Lévy éditeur,
_c1899 (
_eCoulommiers :
_fImp. Paul Brodard)
300 _a388 p. ;
_c18 cm.
594 _aAnatole France es el seudónimo de Jacques Anatole Thibault.
752 _aFrancia -
_dParís
852 _aES-MaACL
_jB-2730
_z-- Enc. hol.
999 _c154160
_d154160